000 00620nam a2200229Ia 4500
003 OSt
005 20220923230032.0
006 a|||||r|||| 00| 0
007 ta
008 Pun
024 _a276,892
037 _cTextual
040 _aARTS
_cARTS
_bPun
041 _2Pun
_aPun
082 _aO153,2NAH.KD, J8
100 _aਅਹੂਜਾ, ਰੋFਨ ਲਾਲ
245 0 _aਕਲੰਿਗਾ ਦਾ ਦੁਖਾਂਤ
260 _c1958
650 _aਪੰਜਾਬੀ ਸਾਹਿਤ
942 _hO153,2NAH.KD, J8
_cTEXL
_2CC
999 _c382037
_d382037